000 00479nam a2200157 a 4500
001 000028283
005 20240307073947.0
008 110407s1975 dr 000 0 spa d
040 _aDO-SdBNP
_bspa
_cBNPHU
082 _axxx
_bP942a
245 0 0 _aPresupuesto de los aumentos programados para el desarrollo del área academica.
260 _aSanto Domingo :
_bUASD,
_c1975.
300 _a9 p. ;
_c22 cm.
049 _aBNPD
710 1 _aUniversidad Autónoma de Santo Domingo
_972951
999 _c27775
_d27775